000 007200000a22002170004500
090 _aAR
_b03897
245 1 0 _aForests, people, and governance
_ssome initial theoretical lessons
300 _a227-242
650 1 4 _aRecursos forestales
_992984
650 1 4 _aManejo de Bosques
_979593
650 1 4 _aEconomía institucional
_959091
650 1 4 _aTeoría económica
_959092
041 0 _aInglés
700 1 _aOstrom, Elinor
_921771
700 1 _aMcKean, Margaret A.
_997724
100 1 _aGibson, Clark C.
_997725
260 _aCambridge
_bMASS
_c2000
260 _bMIT Press.
942 _cARTICULO
773 1 _tIn Gibson, C.; McKean, M. and Ostrom, E. eds./ People and Forests: Communities, Institutions, and Governance
999 _c12932
_d12932